Autoroute A10 - Statistiques

Statistiques générales
  • Ce quiz a été pris 80 fois
  • Le résultat moyen est 43 sur 158
Statistiques - réponses
Indice Réponse % Correct
Sortie 35 Saintes
81%
Sortie 29 Poitiers nord
79%
Sortie 30 Poitiers sud
79%
Sortie 33 La Rochelle - Niort sud
77%
Pont Pont sur la Loire
77%
Sortie 21 Tours Centre
77%
Sortie 19 Tours nord
77%
Frontière départementale Essonne
71%
Frontière départementale Loiret
71%
Sortie 14 Orléans nord
71%
Pont Viaduc de la Charente
71%
Frontière départementale Yvelines
71%
Frontière départementale Vienne
69%
Pont Pont sur le Cher
67%
Frontière régionale Centre-Val de Loire
65%
Frontière départementale Deux-Sèvres
65%
Frontière départementale Eure-et-Loir
65%
Pont Pont sur la Vienne
65%
Pont Pont sur l'Indre
65%
Sortie 17 Blois
63%
Frontière départementale Charente-Maritime
63%
Frontière départementale Indre-et-Loire
63%
Sortie 26 Châtellerault nord
60%
Sortie 27 Châtellerault sud
60%
Gare de péage Saint-Arnoult
60%
Échangeur A71
58%
Frontière départementale Hauts-de-Seine
58%
Frontière départementale Loir-et-Cher
58%
Frontière départementale Gironde
56%
Frontière régionale Île-de-France
56%
Échangeur A85
54%
Frontière régionale Nouvelle Aquitaine
54%
Échangeur A83
52%
Sortie 28 Futuroscope
52%
Sortie 16 Mer
50%
Échangeur A11
48%
Échangeur A28
48%
Sortie 4 Massy
40%
Aire de service | Sortie 25 Sainte-Maure-de-Touraine
38%
Sortie 23 Chambray-lès-Tours
35%
Sortie 34 Saint-Jean-d'Angély
35%
Échangeur A19
33%
Échangeur A6A
33%
Échangeur A6B
33%
Gare de péage Sorigny
33%
Échangeur A630
31%
Sortie 45 Lormont
31%
Gare de péage Monnaie
31%
Sortie 36 Pons
31%
Sortie 43 Sainte-Eulalie
31%
Pont Viaduc de la Dordogne
31%
Sortie 39a Libourne/Saint-Antoine
29%
Sortie 37 Mirambeau
29%
Échangeur N104
29%
Sortie 11 Allainville
27%
Sortie 40a Blaye
27%
Sortie 10 Dourdan
27%
Sortie 40b Saint-André-de-Cubzac
27%
Échangeur A837
25%
Sortie 13 Artenay
25%
Sortie 44 Carbon-Blanc
25%
Sortie 6 Palaiseau
25%
Sortie 42 Ambarès/Saint-Loubès
23%
Gare de péage Virsac
23%
Aire de service | Sortie 15 Meung-sur-Loire
21%
Échangeur N118
21%
Sortie 41 Ambès
19%
Sortie 18 Château-Renault
19%
Aire de service Orléans - Saran
19%
Sortie 8 Orsay
17%
Aire de service Orléans - Gidy
15%
Aire de service Poitou-Charentes
15%
Sortie 22 Saint-Avertin
15%
Échangeur A126
13%
Échangeur N230
13%
Aire de service Fenioux
10%
Sortie 5 Longjumeau
10%
Sortie 12 Allaines
8%
Aire de repos Cézac
8%
Aire de service Limours - Janvry
8%
Aire de service Rouillé - Pamproux
8%
Aire de service Tours - Val de Loire
8%
Sortie 32 Vouillé
8%
Aire de repos Chermignac
6%
Sortie 9 Courtaboeuf
6%
Aire de service Poitiers - Jaunay-Clan
6%
Sortie 38 Saint-Aubin-de-Blaye
6%
Aire de service Saint-Léger
6%
Aire de repos Saint-Palais-de-Phiolin
6%
Aire de service Tours - la Longue Vue
6%
Aire de service Beaugency - Messas
4%
Aire de service Blois - Menars
4%
Aire de service Blois - Villerbon
4%
Aire de repos Boisredon
4%
Aire de service Châtellerault - Antran
4%
Aire de service Châtellerault - Usseau
4%
Aire de repos Coulombiers
4%
Aire de repos Dœuil-sur-le-Mignon
4%
Sortie 7 Gare TGV
4%
Aire de repos La Dauneuse
4%
Aire de service La Fontaine Colette
4%
Aire de repos La Picardière
4%
Aire de service Les plaines de Beauce
4%
Aire de service L'Estalot
4%
Aire de repos Le Village Brûlé
4%
Aire de service Limours - Briis-sous-Forges
4%
Aire de repos Maillé
4%
Aire de service Meillac
4%
Aire de repos Saint-Christoly
4%
Aire de repos Sainte-Eanne
4%
Aire de repos Sainte-Néomaye
4%
Sortie 20 Sainte-Radegonde
4%
Aire de service Saugon
4%
Aire de repos Bellevue
2%
Aire de repos Chauvry
2%
Aire de repos Fougères
2%
Aire de repos Gript
2%
Aire de repos La Benâte
2%
Aire de repos La Courte Épée
2%
Sortie 24 La Thibaudière
2%
Aire de repos Les Quatre Vents
2%
Aire de repos Lozay
2%
Aire de service Poitiers - Chincé
2%
Aire de repos Port d'Envaux
2%
Aire de repos Saint-Caprais
2%
Aire de repos Saint-Ciers-du-Taillon
2%
Pont Viaduc de Courtineau
2%
Pont Viaduc de la Boivre
2%
Aire de repos Boutroux
0%
Aire de repos Brusolle
0%
Sortie 7 Igny
0%
Aire de repos La Chatière
0%
Aire de repos Le Héron Cendré
0%
Aire de repos Le Moulin Rouge
0%
Aire de repos Les Bruères
0%
Aire de repos Les Cent Septiers
0%
Aire de repos Les Chagnats
0%
Aire de repos Les Meuniers
0%
Aire de repos Marnières
0%
Sortie 24.1 Monts - Sorigny
0%
Aire de repos Nouâtre
0%
Pont Pont sur les voies SNCF
0%
Sortie 31 Saint-Maixant - Soudan
0%
Aire de service Val Neuvy
0%
Pont Viaduc de la Falaise
0%
Pont Viaduc de l'Hermitain
0%
Aucun quiz correspondant
Distribution des résultats
% des personnes avec chaque résultat
Percentile par nombre de réponses
Votre historique - résultats
Vous n’avez pas pris ce quiz